000 00592nam a2200181Ia 4500
008 090630s9999 xx 000 0 und d
082 _b15169
100 _aभिडे चारुशिला.
245 _aपुत्रवती.
_cभिडे चारुशिला.
260 _bदेविका - पुणे.
300 _a0
600 _aभिडे चारुशिला.
630 _aपुत्रवती.
655 _aकादंबरी.
700 _aभिडे चारुशिला.
730 _aपुत्रवती.
942 _cBOOK
999 _c267025
_d267025